000 00903nas a2200313 4500
001 BR0905238
003 BR-BrBNA
005 20231205113637.0
007 ta
008 230509b bl.|||p| |||| 00| 00por d
040 _aBR-BrBNA
_bpor
_cBiblioteca Nacional de Agricultura
041 _a(Pt)
072 _aM12; Q52; L02
100 1 _aEnke, D.B.S.
100 1 _aLopes, P.S.
100 1 _aKich, H.A.
100 1 _aBritto, A.P.
100 1 _aSoquetta, M.
100 1 _aPouey, J.L.O.F.
245 1 _aUtilização de farinha de silagem de pescado em dietas para o jundiá na fase juvenil
650 _aBAGRE
650 _aFARINHA
650 _aSILAGEM
650 _aCRESCIMENTO
650 _aPEIXE DE ÁGUA DOCE
773 0 _tCiência Rural (Brazil)
_xISSN 0103-8478
_g(May-Jun 2009), v. 39(3) p. 871-877
_wBR0905238
909 _a202311
_bLúcia
_c55
_dLúcia Elande
942 _2AGRIS
_n0
_cANA
999 _c204849
_d204849